Регионална библиотека "Любен Каравелов" - Русе

Т като Ташкент (Запис номер 440107)

MARC детайли
000 -Лидер
Контролно поле с фиксирана дължина 00946nam a2200265 a 4500
003 - Код на организацията, давaща контролен номер
Контролно поле BLK
005 - Дата и час на последна редакция
Контролно поле 20250117105701.0
008 - Елементи от данни с фиксирана дължина
fixed length control field 211214b bul|||||r ||||||| ||bul||
020 ## - Международен стандартен номер на книга ISBN
Международен стандартен номер на книга ISBN 9786191866465
040 ## - Източник на каталожния запис
Идентификатор на билиотеката - собственик на записа BLK
041 ## - Код за език
Код за езика на текст/звукозапис или на отделно заглавие Български
Код за езика КДБФ Български
080 ## - УДК
Текстов определител УДК Българска литература
УДК код - определител по УДК 821.163.2
УДК определител -31
УДК - код + определител 821.163.2-31
100 1# - Редна дума - Автор
Автор Карастоянов, Христо Тодоров
Авторска отговорност първи автор
R(LIN) 365299
139 ## - Редно поле
Редна дума Карастоянов, Христо Тодоров
Авторски знак Карас - К 36
245 10 - Сведения за заглавието
Заглавие Т като Ташкент
Редно поле (дума) Христо Карастоянов
257 ## - Страна на издаване
Страна на създаване/издаване България
260 ## - Област на издателските данни
Място на издаване, разпространение и проч. Пловдив
Име на издателя, разпространителя и проч. Жанет 45
Година на издаване 2021
9 (RLIN) 209682
Издателство - префикс ISBN 978-619-186- ; 978-954-491-
300 ## - Физическа характеристика
Страници 248 с.
Размери/Мащаб 21 см
380 ## - Жанр
Жанр Худож. лит.
852 ## - Местоположение
Фондова буква Заемна - подръчен фонд
Систематично-азбучна сигнатура 821.163.2-31/К 36 Х
852 ## - Местоположение
Форматна сигнатура Цб
Фондова буква Хранилище
999 ## - СИСТЕМНИ КОНТРОЛНИ НОМЕРА
Koha biblionumber 440107
Koha biblioitemnumber 440107
942 ## - АРТИКУЛИ
Вид на библиотечния материал Книги
Скрит в OPAC Не
Периодичен библиозапис Да
Koha issues (borrowed), all copies 14
944 ## - СЪЗДАВАНЕ И РЕДАКЦИЯ на ЗАПИСА
Създаване/Редакция Създаване
Дата на регистрацията/редакция 2021-12-14
Служител, извършил регистрацията/редакцията 30538
Статус, дата на статуса Силвия Димитрова
944 ## - СЪЗДАВАНЕ И РЕДАКЦИЯ на ЗАПИСА
Създаване/Редакция Редакция
Дата на регистрацията/редакция 2022-02-08
Служител, извършил регистрацията/редакцията Кети
Наличности
Код за отписване Код за изгубен артикул Източник на класификационната схема Код за повреда Коз за рестрикции Код за отдаване Артикулен № Име на библиотеката - собственик Име на библиотеката, в която се намира в момента Статус (Текущо местоположение) Дата на вписване в системата Местоположение - отдел Цена в лева Систематично азбучна сигнатура Баркод Цена в евро Служебен тип на артикула
  Не е изгубен Universal Decimal Classification Не е повреден без рестрикции заемане за дома 865374 Регионална библиотека "Любен Каравелов" Русе Регионална библиотека "Любен Каравелов" Русе Заемна - подръчен фонд 2021-12-16 Заемна - подръчен фонд 12.75 821.163.2/К 36 С 120000863354 6.52 Книги
  Не е изгубен Universal Decimal Classification Не е повреден без рестрикции заемане за дома 865375 Регионална библиотека "Любен Каравелов" Русе Регионална библиотека "Любен Каравелов" Русе Заемна - подръчен фонд 2021-12-16 Заемна - подръчен фонд 12.75 821.163.2/К 36 С 120000863355 6.52 Книги
  Не е изгубен Universal Decimal Classification Не е повреден само за читалня ползва се в читалня 871999 Регионална библиотека "Любен Каравелов" Русе Регионална библиотека "Любен Каравелов" Русе Хранилище 2022-02-15 Хранилище 17.00 Цб 311122 120000865784 8.69 Книги
Vip Innovations Ltd, Rousse, Bulgaria 2025